| 000 | 00494nam a2200157 i 4500 | ||
|---|---|---|---|
| 001 | 56340 | ||
| 003 | ES-MaACL | ||
| 005 | 20230906163335.0 | ||
| 007 | t| | ||
| 008 | 031007s1967 sp ||||1| spa d | ||
| 100 | 0 |
_aDíez González, Florentino-Agustín. _944738 |
|
| 245 | 1 | 0 |
_aDel municipio rural y sus competencias / _cFlorentino-Agustín Díez González. |
| 260 |
_aLeón : _b[Diputación Provincial de León], _c1967. |
||
| 300 |
_a99 p. ; _c22 cm. |
||
| 852 |
_aES-MaACL _jC-37144 _bR.64588 |
||
| 999 |
_c56340 _d56340 |
||